Legislación sobre el medio ambiente natural
Salvato in:
| Autore principale: | |
|---|---|
| Natura: | Libro |
| Lingua: | spagnolo |
| Pubblicazione: |
Madrid
Civitas
1979
|
| Edizione: | 1a. ed |
| Serie: | Civitas. Biblioteca de Legislación
|
| Soggetti: | |
| Tags: |
Aggiungi Tag
Nessun Tag, puoi essere il primo ad aggiungerne!!
|
MARC
| LEADER | 00000nam a2200000 a 4500 | ||
|---|---|---|---|
| 001 | UCI1913 | ||
| 003 | CL-VaPUC | ||
| 008 | 070727e19790000SP |||||||||||||||||spa|d | ||
| 020 | |a 8473980875 | ||
| 082 | 0 | 4 | |a 344.046 |b ROD |2 21 |
| 100 | 0 | |a Rodríguez Ramos, Luis |e author |9 522732 | |
| 245 | 1 | 0 | |a Legislación sobre el medio ambiente natural |
| 250 | |a 1a. ed | ||
| 300 | |a 2 v | ||
| 942 | |c BK | ||
| 945 | |d 20070727 00:00:00 |a rbrito | ||
| 260 | |a Madrid |b Civitas |c 1979 | ||
| 650 | 0 | |a Protección del medio ambiente |9 257626 | |
| 650 | 0 | |a Derecho ambiental |9 257835 | |
| 650 | 0 | |a Ecología |9 258124 | |
| 650 | 0 | |a Contaminación ambiental |9 314181 | |
| 650 | 0 | |a Residuos sólidos |9 367336 | |
| 650 | 0 | |a Plaguicidas |9 259645 | |
| 650 | 0 | |a Radioactividad |9 366299 | |
| 583 | |a last modification |c 20161003 10:02:04 |k Rodrigo Vera | ||
| 490 | 0 | |a Civitas. Biblioteca de Legislación | |
| 999 | |c 326605 |d 326603 | ||
| 952 | |0 0 |1 0 |4 0 |6 344_046000000000000_ROD_1979 |7 0 |8 A |9 408626 |a BIBDER |b BIBDER |d 2019-11-22 |h v.1 |i 4122593 |o 344.046 ROD 1979 |p 4122593 |r 2023-01-25 |w 2019-11-22 |y BK |k DER | ||
| 952 | |0 0 |1 0 |4 0 |6 344_046000000000000_ROD_1979 |7 0 |8 A |9 408627 |a BIBDER |b BIBDER |d 2019-11-22 |h v.2 |i 4129962 |o 344.046 ROD 1979 |p 4129962 |r 2023-01-25 |w 2019-11-22 |y BK |k DER | ||